[Event "4NCL Online Division 6"]
[Site "online"]
[Date "2021.02.09"]
[EventDate "2021.02.09"]
[Round "2.103"]
[White "Hayden, Lawrence F"]
[WhiteElo "1653"]
[WhiteTeam "Ashby Ivanhoe"]
[Black "Lynch, Mark"]
[BlackElo "1447"]
[BlackTeam "Hertford 3"]
[Result "1-0"]
[PlyCount "67"]

1. e4 d6 2. Nc3 Nf6 3. Bc4 e5 4. d3 Be7 5. Nge2 Nbd7 6. O-O c6 7. a4 a5 8. Ng3 O-O 9. Nf5 Nb6 10. Nxe7+ Qxe7 11. Bg5 Be6 12. Qe2 Bxc4 13. dxc4 Nbd7 14. Rad1 Nc5 15. Qf3 Rad8 16. Rd2 Rd7 17. Rfd1 Rfd8 18. b3 Ne6 19. Bxf6 Qxf6 20. Qxf6 gxf6 21. Ne2 Ng5 22. Ng3 Ne6 23. Nf5 c5 24. c3 Ng7 25. Rxd6 Rxd6 26. Rxd6 Rb8 27. Nh6+ Kf8 28. Rxf6 Rd8 29. Rxf7+ Ke8 30. g4 Ne6 31. h4 Rd1+ 32. Kh2 Nf4 33. Rf5 Rd2 34. Rxe5+ 1-0

[Event "4NCL Online Division 6"]
[Site "online"]
[Date "2021.02.09"]
[EventDate "2021.02.09"]
[Round "2.104"]
[White "Zsibrita, Steve"]
[WhiteElo "1485"]
[WhiteTeam "Hertford 3"]
[Black "Wyld, Nick M"]
[BlackElo "1439"]
[BlackTeam "Ashby Ivanhoe"]
[Result "1-0"]
[PlyCount "37"]

1. d4 c6 2. e3 d5 3. Bd3 Nf6 4. f4 Bg4 5. Nf3 e6 6. O-O Nbd7 7. Nbd2 Bd6 8. Qe1 Bb4 9. c3 Bd6 10. Ne5 Bxe5 11. fxe5 Ng8 12. h3 Bh5 13. Nf3 Qe7 14. b3 f6 15. Qg3 O-O-O 16. a4 c5 17. Ba3 b6 18. Ba6+ Kc7 19. exf6+ 1-0

[Event "4NCL Online Division 6"]
[Site "online"]
[Date "2021.02.09"]
[EventDate "2021.02.09"]
[Round "2.111"]
[White "Thackray, John"]
[WhiteElo "1916"]
[WhiteTeam "St Andrews White Cross 1"]
[Black "Davies, Adrian"]
[BlackElo "1676"]
[BlackTeam "Morriston Benko"]
[Result "1-0"]
[PlyCount "69"]

1. c4 c5 2. Nc3 Nc6 3. g3 g6 4. Bg2 Bg7 5. e3 e6 6. Nge2 Nge7 7. d4 cxd4 8. exd4 d5 9. c5 O-O 10. O-O b6 11. cxb6 Qxb6 12. Be3 Qd8 13. Qd2 Nf5 14. Rac1 Nxe3 15. fxe3 Ba6 16. a3 Rc8 17. b4 Bxe2 18. Nxe2 Qd7 19. b5 Ne7 20. a4 Rb8 21. Nf4 Bh6 22. Bh3 Bxf4 23. Rxf4 Nc8 24. Bf1 Nb6 25. Qb4 Rfc8 26. Rc5 Kg7 27. Rf2 Qb7 28. Rfc2 Nd7 29. Rxc8 Rxc8 30. Qb3 Nb6 31. a5 Na8 32. Qb1 Rxc2 33. Qxc2 Kf8 34. Qc5+ Ke8 35. b6 1-0

[Event "4NCL Online Division 6"]
[Site "online"]
[Date "2021.02.09"]
[EventDate "2021.02.09"]
[Round "2.112"]
[White "Smith, Andrew R"]
[WhiteElo "1692"]
[WhiteTeam "Morriston Benko"]
[Black "Rich, Aaron"]
[BlackElo "1627"]
[BlackTeam "St Andrews White Cross 1"]
[Result "0-1"]
[PlyCount "64"]

1. e4 e6 2. d4 b6 3. c4 Bb7 4. Nc3 Bb4 5. Bd3 f5 6. d5 Qf6 7. Bd2 Ne7 8. Nf3 Na6 9. a3 Nc5 10. Qc2 Bxc3 11. Bxc3 Qg6 12. Nh4 Qg4 13. g3 Nxd3+ 14. Qxd3 exd5 15. exd5 Ba6 16. b3 O-O-O 17. f3 Qg5 18. Kf2 f4 19. d6 Nc6 20. b4 Bb7 21. Nf5 fxg3+ 22. hxg3 g6 23. dxc7 Kxc7 24. Nd6 a6 25. Bxh8 Rxh8 26. Nf7 Qf6 27. Nxh8 Ne5 28. Qd4 Qxf3+ 29. Ke1 Qxh1+ 30. Ke2 Qg2+ 31. Qf2 Bf3+ 32. Ke1 Nd3+ 0-1

[Event "4NCL Online Division 6"]
[Site "online"]
[Date "2021.02.09"]
[EventDate "2021.02.09"]
[Round "2.113"]
[White "Pollard, Michael"]
[WhiteElo "1636"]
[WhiteTeam "St Andrews White Cross 1"]
[Black "Tonks, Brian"]
[BlackElo "1400"]
[BlackTeam "Morriston Benko"]
[Result "1-0"]
[PlyCount "61"]

1. e4 e5 2. Nf3 Nc6 3. d4 f6 4. dxe5 Nxe5 5. Nxe5 fxe5 6. Qh5+ g6 7. Qxe5+ Qe7 8. Qxh8 Nf6 9. Bh6 d6 10. Qxf8+ Qxf8 11. Bxf8 Kxf8 12. f3 Be6 13. Nc3 c6 14. O-O-O Rd8 15. Be2 Kf7 16. e5 Nd5 17. Nxd5 Bxd5 18. exd6 Rxd6 19. c4 Bxc4 20. Bxc4+ Ke7 21. Rhe1+ Kd7 22. Rxd6+ Kxd6 23. Kc2 b5 24. Bg8 Kc7 25. Kc3 h6 26. Kb4 Kb6 27. Re6 a5+ 28. Kc3 Kc5 29. a3 Kb6 30. Kd4 Kc7 31. Kc5 1-0

[Event "4NCL Online Division 6"]
[Site "online"]
[Date "2021.02.09"]
[EventDate "2021.02.09"]
[Round "2.114"]
[White "Giannini, John"]
[WhiteElo "850"]
[WhiteTeam "Morriston Benko"]
[Black "Scott, Ian"]
[BlackElo "1578"]
[BlackTeam "St Andrews White Cross 1"]
[Result "0-1"]
[PlyCount "50"]

1. e4 c6 2. d4 d5 3. Nc3 dxe4 4. Nxe4 Bf5 5. Qd3 e6 6. g4 Bxg4 7. Be2 Bf5 8. Bg5 Be7 9. Bxe7 Nxe7 10. O-O-O Qd5 11. b3 Bxe4 12. Nf3 Bxd3 13. Rxd3 Nd7 14. Ne5 Qxh1+ 15. Kb2 Nxe5 16. dxe5 Nd5 17. Bf3 Qxh2 18. Bxd5 cxd5 19. Rd2 Qxe5+ 20. c3 Rc8 21. Rc2 d4 22. f4 dxc3+ 23. Rxc3 Qxc3+ 24. Ka3 Rc6 25. f5 Ra6# 0-1

[Event "4NCL Online Division 6"]
[Site "online"]
[Date "2021.02.09"]
[EventDate "2021.02.09"]
[Round "2.121"]
[White "Oates, Thomas"]
[WhiteElo "1645"]
[WhiteTeam "Jan Luke's Cyberwarriors"]
[Black "Hilditch-Love, Daniel"]
[BlackElo "1626"]
[BlackTeam "Shropshire 5"]
[Result "0-1"]
[PlyCount "54"]

1. d4 Nf6 2. c4 c5 3. d5 e5 4. Nc3 d6 5. e4 Be7 6. Nf3 Nbd7 7. Be2 Nf8 8. O-O Ng6 9. Qa4+ Bd7 10. Qc2 h6 11. a3 Nh7 12. b4 b6 13. Ne1 Bg5 14. Bxg5 hxg5 15. Nd3 Qf6 16. bxc5 bxc5 17. a4 Nf4 18. Nb5 Bxb5 19. axb5 Qh6 20. Nxf4 gxf4 21. Qa4 Ng5 22. b6+ Ke7 23. f3 Qxh2+ 24. Kf2 Qg3+ 25. Kg1 Nh3+ 26. Kh1 Nf2+ 27. Kg1 Rh1# 0-1

[Event "4NCL Online Division 6"]
[Site "online"]
[Date "2021.02.09"]
[EventDate "2021.02.09"]
[Round "2.122"]
[White "Wilkinson, James P"]
[WhiteElo "1660"]
[WhiteTeam "Shropshire 5"]
[Black "Nancarrow, Richard"]
[BlackElo "1546"]
[BlackTeam "Jan Luke's Cyberwarriors"]
[Result "0-1"]
[PlyCount "50"]

1. d4 d5 2. c4 c6 3. Nc3 Nf6 4. Nf3 e6 5. Bg5 Be7 6. e3 O-O 7. Qc2 Nbd7 8. O-O-O Ne8 9. h4 f5 10. Bd3 Ndf6 11. Ne5 Bd6 12. g4 g6 13. h5 Be7 14. hxg6 hxg6 15. Nxg6 Kg7 16. Nxf8 Bxf8 17. gxf5 exf5 18. Rdg1 Kf7 19. Rh7+ Bg7 20. Bh6 Nxh7 21. Rxg7+ Nxg7 22. Bxg7 Kxg7 23. Bxf5 Bxf5 24. Qxf5 Qf8 25. Qg4+ Kh8 0-1

[Event "4NCL Online Division 6"]
[Site "online"]
[Date "2021.02.09"]
[EventDate "2021.02.09"]
[Round "2.123"]
[White "Spargo, Philip J"]
[WhiteElo "1438"]
[WhiteTeam "Jan Luke's Cyberwarriors"]
[Black "Salter, Ivor"]
[BlackElo "1555"]
[BlackTeam "Shropshire 5"]
[Result "0-1"]
[PlyCount "90"]

1. e4 d5 2. exd5 Nf6 3. Nc3 Nxd5 4. Nxd5 Qxd5 5. Qf3 e6 6. Qxd5 exd5 7. d4 Bd6 8. Be3 Bf5 9. O-O-O Nd7 10. Nf3 O-O-O 11. Bd3 Bg4 12. Be2 f6 13. h3 Bxf3 14. Bxf3 c6 15. Bg4 Kb8 16. Bxd7 Rxd7 17. g3 Re8 18. Rde1 Rde7 19. Bd2 Kc8 20. Rxe7 Rxe7 21. Re1 Kd7 22. Kd1 b6 23. c3 Rxe1+ 24. Kxe1 Ke6 25. Ke2 Kf5 26. Kf3 h5 27. h4 g5 28. hxg5 fxg5 29. Bc1 g4+ 30. Ke2 Ke4 31. Bg5 c5 32. dxc5 bxc5 33. Bd2 d4 34. cxd4 cxd4 35. a3 d3+ 36. Kf1 Kf3 37. b4 Bc7 38. Ke1 Bb6 39. Be3 Bxe3 40. fxe3 Kxe3 41. Kd1 Kf3 42. a4 Kxg3 43. b5 Kf3 44. a5 g3 45. b6 axb6 0-1

[Event "4NCL Online Division 6"]
[Site "online"]
[Date "2021.02.09"]
[EventDate "2021.02.09"]
[Round "2.124"]
[White "Holmes, Nick D"]
[WhiteElo "1534"]
[WhiteTeam "Shropshire 5"]
[Black "Scully, Pat"]
[BlackElo "1495"]
[BlackTeam "Jan Luke's Cyberwarriors"]
[Result "1-0"]
[PlyCount "61"]

1. c4 e5 2. Nc3 Nc6 3. g3 Nf6 4. Bg2 Bc5 5. d3 d6 6. Nf3 Bd7 7. a3 a5 8. Rb1 Qc8 9. Nb5 Bh3 10. Bxh3 Qxh3 11. Nxc7+ Ke7 12. Nxa8 Rxa8 13. Bg5 Qg2 14. Bxf6+ gxf6 15. Rf1 Nb4 16. axb4 Bxb4+ 17. Nd2 Qxh2 18. Qb3 Rc8 19. e3 h5 20. Ke2 h4 21. Nf3 Qh3 22. Rh1 Qf5 23. Rxh4 d5 24. cxd5 Kd6 25. Rxb4 axb4 26. Qxb4+ Kd7 27. Qxb7+ Rc7 28. Qb5+ Kc8 29. Qa6+ Kd8 30. Qa4 Rc2+ 31. Qxc2 1-0

[Event "4NCL Online Division 6"]
[Site "online"]
[Date "2021.02.09"]
[EventDate "2021.02.09"]
[Round "2.131"]
[White "Suyal, Nivedita"]
[WhiteElo "1072"]
[WhiteTeam "Phones Pals Rooks"]
[Black "Cooper, Malcolm H"]
[BlackElo "1808"]
[BlackTeam "Farnham B"]
[Result "0-1"]
[PlyCount "72"]

1. e4 c5 2. Nf3 Nc6 3. Nc3 e5 4. Bc4 d6 5. h3 a6 6. a3 b5 7. Ba2 g6 8. d3 Bg7 9. Bd2 Nge7 10. O-O O-O 11. Re1 Nd4 12. Nd5 Be6 13. Bg5 f6 14. Nxd4 cxd4 15. Nxf6+ Bxf6 16. Bxe6+ Kg7 17. Bxf6+ Rxf6 18. Ba2 Rc8 19. Bb3 a5 20. a4 b4 21. Qg4 Rf4 22. Qg3 Qf8 23. Rf1 h6 24. Rac1 g5 25. Be6 Rc5 26. Bb3 Rf6 27. Qg4 Ng6 28. Qd7+ Kh8 29. Qg4 Rc7 30. Qe2 Nf4 31. Qd2 Qc8 32. Kh2 Nxh3 33. gxh3 Rf3 34. Rh1 Rxh3+ 35. Kg2 Qg4+ 36. Kf1 Rxh1# 0-1

[Event "4NCL Online Division 6"]
[Site "online"]
[Date "2021.02.09"]
[EventDate "2021.02.09"]
[Round "2.132"]
[White "Seyfried, Donald"]
[WhiteElo "1668"]
[WhiteTeam "Farnham B"]
[Black "Vadalia, Jainill"]
[BlackElo "1140"]
[BlackTeam "Phones Pals Rooks"]
[Result "1/2-1/2"]
[PlyCount "76"]

1. d4 Nf6 2. c4 e6 3. Nf3 d5 4. e3 c5 5. Nc3 Nc6 6. cxd5 exd5 7. dxc5 Bxc5 8. Bd3 O-O 9. O-O Bg4 10. h3 Be6 11. a3 a6 12. Nd4 Nxd4 13. exd4 Bd6 14. Re1 h6 15. Be3 Rc8 16. Qd2 Re8 17. Rac1 Bd7 18. Bf4 Bxf4 19. Qxf4 Rxe1+ 20. Rxe1 Qc7 21. Qxc7 Rxc7 22. Re5 Be6 23. Be2 Kf8 24. Bf3 Rd7 25. Kf1 Rd6 26. Ke1 g6 27. Kd2 Nd7 28. Re2 Nb6 29. b3 Kg7 30. Re5 f6 31. Re1 Kf7 32. Rc1 Rc6 33. a4 Rd6 34. a5 Nd7 35. Na4 Rc6 36. Rxc6 bxc6 37. Kc3 Ke7 38. Be2 Nb8 1/2-1/2

[Event "4NCL Online Division 6"]
[Site "online"]
[Date "2021.02.09"]
[EventDate "2021.02.09"]
[Round "2.133"]
[White "Lukhi, Neev"]
[WhiteElo "970"]
[WhiteTeam "Phones Pals Rooks"]
[Black "Bourke, Matt"]
[BlackElo "1600"]
[BlackTeam "Farnham B"]
[Result "1-0"]
[PlyCount "73"]

1. d4 f5 2. Nc3 Nf6 3. Nf3 e6 4. Bg5 Be7 5. e3 O-O 6. Bc4 b6 7. O-O Bb7 8. Re1 Ne4 9. Nxe4 fxe4 10. Bxe7 Qxe7 11. Nd2 d5 12. Bb3 Ba6 13. c4 Qf6 14. Rf1 c6 15. Rc1 Nd7 16. f3 Qg5 17. Re1 Nf6 18. cxd5 cxd5 19. Rc6 Rae8 20. fxe4 Ng4 21. Nf3 Qh6 22. h3 Nxe3 23. Qd2 Rxf3 24. gxf3 Qg5+ 25. Kh1 dxe4 26. Qxe3 Qxe3 27. Rxe3 exf3 28. Rcxe6 Rxe6 29. Bxe6+ Kf8 30. Rxf3+ Ke7 31. d5 Kd6 32. Rf7 Bd3 33. Rxg7 Be4+ 34. Kh2 h5 35. Rxa7 Kc5 36. Rc7+ Kd4 37. d6 1-0

[Event "4NCL Online Division 6"]
[Site "online"]
[Date "2021.02.09"]
[EventDate "2021.02.09"]
[Round "2.134"]
[White "Young, Jonathan G"]
[WhiteElo "1546"]
[WhiteTeam "Farnham B"]
[Black "Benson, Alice"]
[BlackElo "740"]
[BlackTeam "Phones Pals Rooks"]
[Result "0-1"]
[PlyCount "110"]

1. e4 e5 2. Nf3 Nc6 3. Bb5 a6 4. Ba4 Nf6 5. O-O d6 6. d3 Be7 7. h3 b5 8. Bb3 O-O 9. a4 b4 10. Nbd2 Bb7 11. Re1 Nd7 12. Nf1 a5 13. Ng3 Rb8 14. Nf5 Nc5 15. Bd5 Na7 16. Bxb7 Rxb7 17. b3 Qd7 18. Be3 Ne6 19. Qd2 Bf6 20. Rad1 g6 21. Ng3 Bg7 22. Bh6 c5 23. Bxg7 Kxg7 24. Ne2 Nd4 25. Nfxd4 cxd4 26. Rc1 Rc7 27. f4 Nc6 28. f5 d5 29. Rf1 f6 30. Ng3 dxe4 31. dxe4 Ne7 32. h4 Rc3 33. Rf3 Rxf3 34. gxf3 gxf5 35. exf5 Nxf5 36. Nxf5+ Qxf5 37. Qg2+ Qg6 38. Re1 Rc8 39. Re2 Qxg2+ 40. Rxg2+ Kf7 41. Kf2 Rxc2+ 42. Kg3 Rxg2+ 43. Kxg2 Ke6 44. Kf2 Kf5 45. Ke2 Kf4 46. Kf2 e4 47. fxe4 Kxe4 48. Ke2 f5 49. h5 f4 50. h6 f3+ 51. Ke1 Ke3 52. Kf1 d3 53. Ke1 f2+ 54. Kf1 d2 55. Kg2 d1=Q 0-1

[Event "4NCL Online Division 6"]
[Site "online"]
[Date "2021.02.09"]
[EventDate "2021.02.09"]
[Round "2.141"]
[White "Young, Andy"]
[WhiteElo "1563"]
[WhiteTeam "Lerryn Clowns"]
[Black "Marshall, W John"]
[BlackElo "1773"]
[BlackTeam "Horsham 2"]
[Result "1-0"]
[PlyCount "91"]

1. e4 e5 2. f4 exf4 3. Nf3 Be7 4. Bc4 Nf6 5. d3 O-O 6. O-O d5 7. exd5 Nxd5 8. Qe1 Re8 9. Qd1 Be6 10. Bxd5 Bxd5 11. Bxf4 Nc6 12. Nc3 Bc5+ 13. Kh1 Be6 14. Ne4 Be7 15. Nfg5 Bd5 16. Qg4 Qc8 17. Qg3 Bxe4 18. Nxe4 Qe6 19. Bg5 Bd6 20. Bf4 Ne5 21. Bxe5 Bxe5 22. Qf3 Qg6 23. c3 Rad8 24. Rad1 f6 25. Nd2 Rxd3 26. Qxb7 Rxd2 27. Rxd2 Qh6 28. Qd5+ Kh8 29. h3 Qe3 30. Qd3 Qg5 31. Qd8 Qg6 32. Qd3 Qh6 33. Qd8 Qg6 34. Qd3 Qh6 35. b3 Bd6 36. Re2 Be5 37. c4 g5 38. Qe3 Qg6 39. Qf3 Rd8 40. Rxe5 fxe5 41. Qe3 e4 42. Qc3+ Qg7 43. Qe3 Qe5 44. Qxa7 e3 45. Re1 Qg3 46. Qxe3 1-0

[Event "4NCL Online Division 6"]
[Site "online"]
[Date "2021.02.09"]
[EventDate "2021.02.09"]
[Round "2.142"]
[White "Snook-Lumb, Chris"]
[WhiteElo "1715"]
[WhiteTeam "Horsham 2"]
[Black "Jenkins, Simon"]
[BlackElo "1503"]
[BlackTeam "Lerryn Clowns"]
[Result "1-0"]
[PlyCount "105"]

1. d4 f5 2. c4 g6 3. Nf3 Bg7 4. Nc3 Nf6 5. g3 b6 6. Bg2 Bb7 7. Bg5 e6 8. Qd2 h6 9. Be3 Ng4 10. Nh4 Bxg2 11. Nxg2 Nxe3 12. fxe3 c6 13. O-O-O d5 14. Nf4 Qf6 15. cxd5 cxd5 16. Nb5 O-O 17. Kb1 Na6 18. Rc1 Rfc8 19. Rxc8+ Rxc8 20. Nxa7 Ra8 21. Nc6 Bf8 22. Rc1 g5 23. Nd3 Bd6 24. Qc3 Nc7 25. Nce5 Qg7 26. Qc6 Qe7 27. Ng6 Qd8 28. Nde5 Ra6 29. Qb7 Ra5 30. Nc6 Qa8 31. Nxa5 Qxa5 32. Rxc7 Bxc7 33. Qxc7 Qe1+ 34. Qc1 Qxe2 35. Ne7+ Kf7 36. Nc6 Qxh2 37. Ne5+ Kf6 38. a3 Qh5 39. Qc8 Ke7 40. Qd7+ Kf6 41. Qd8+ Kg7 42. Qe7+ Kh8 43. Qf6+ Kh7 44. Qxe6 b5 45. Qxf5+ Kg7 46. Qd7+ Kg8 47. g4 Qh1+ 48. Ka2 Qf1 49. Qxd5+ Kh7 50. Qd7+ Kg8 51. Qe6+ Kh7 52. Qg6+ Kh8 53. Nf7+ 1-0

[Event "4NCL Online Division 6"]
[Site "online"]
[Date "2021.02.09"]
[EventDate "2021.02.09"]
[Round "2.143"]
[White "Reid, Mark"]
[WhiteElo "1440"]
[WhiteTeam "Lerryn Clowns"]
[Black "Barrowclough, Richard"]
[BlackElo "1555"]
[BlackTeam "Horsham 2"]
[Result "1/2-1/2"]
[PlyCount "97"]

1. e4 c6 2. d4 d5 3. e5 e6 4. Nc3 c5 5. Be3 b6 6. Bb5+ Bd7 7. f4 a6 8. Bxd7+ Qxd7 9. Nf3 cxd4 10. Bxd4 Bc5 11. O-O Nc6 12. Bxc5 bxc5 13. Na4 Qa7 14. Kh1 Nge7 15. g4 O-O-O 16. Qe2 Kb7 17. c3 Ng6 18. Ng5 Rd7 19. Rab1 h6 20. Nh3 Nge7 21. b4 c4 22. Nc5+ Kc7 23. Nxd7 Kxd7 24. b5 axb5 25. Rxb5 Na5 26. Rfb1 Nec6 27. Nf2 Rb8 28. Rxb8 Nxb8 29. Qb2 Nbc6 30. Kg2 f6 31. exf6 gxf6 32. Qc2 Qe3 33. f5 e5 34. Qc1 Qxc1 35. Rxc1 d4 36. cxd4 exd4 37. Ne4 Ke7 38. Kf3 Ne5+ 39. Kg3 Nd3 40. Rc2 Nb4 41. Re2 d3 42. Re1 Kf7 43. Kf2 Nc2 44. Nd6+ Kg7 45. Re7+ Kg8 46. Re8+ Kg7 47. Re7+ Kg8 48. Re8+ Kg7 49. Re7+ 1/2-1/2

[Event "4NCL Online Division 6"]
[Site "online"]
[Date "2021.02.09"]
[EventDate "2021.02.09"]
[Round "2.144"]
[White "Trofin, Marian"]
[WhiteElo "1520"]
[WhiteTeam "Horsham 2"]
[Black "Hendin, Richard"]
[BlackElo "1336"]
[BlackTeam "Lerryn Clowns"]
[Result "1-0"]
[PlyCount "95"]

1. d4 g6 2. Nc3 Bg7 3. Nf3 d6 4. Bg5 Nf6 5. h3 O-O 6. e3 a6 7. a3 b5 8. Bd3 Bb7 9. O-O Re8 10. Re1 Nbd7 11. Qe2 Nb6 12. Na2 c5 13. c3 Qc7 14. Bf4 Nfd5 15. Bh2 e5 16. dxe5 dxe5 17. Be4 Rad8 18. Rad1 Nf6 19. Bxb7 Rxd1 20. Rxd1 Qxb7 21. Nxe5 Nfd5 22. Nf3 Nc4 23. Nc1 Ne5 24. Kh1 c4 25. Rd2 Nxf3 26. Qxf3 Rd8 27. e4 Qe7 28. Ne2 Nf6 29. Rxd8+ Qxd8 30. Nd4 Qe8 31. Qd1 Nd7 32. f3 Nc5 33. Bg1 Nd3 34. Qe2 Nf4 35. Qf1 Nd3 36. Qe2 Nf4 37. Qc2 Nd3 38. b3 Qc8 39. Be3 Qd7 40. bxc4 bxc4 41. a4 Qd6 42. Ne2 Be5 43. Qa2 Qc6 44. Nd4 Bxd4 45. Bxd4 Qd7 46. Qxc4 Nf4 47. Qxa6 Nxh3 48. Qa8+ 1-0

[Event "4NCL Online Division 6"]
[Site "online"]
[Date "2021.02.09"]
[EventDate "2021.02.09"]
[Round "2.151"]
[White "Caceres de la Calle, Eduardo"]
[WhiteElo "1709"]
[WhiteTeam "Hackney Hungry"]
[Black "Gardner, Tim"]
[BlackElo "1637"]
[BlackTeam "Barnet Knights C"]
[Result "1/2-1/2"]
[PlyCount "85"]

1. c4 Nf6 2. Nc3 d5 3. cxd5 Nxd5 4. g3 c6 5. Bg2 Bg4 6. Qb3 Nb6 7. a4 e5 8. a5 Be6 9. Qc2 Nd5 10. Nxd5 cxd5 11. Nf3 Nc6 12. O-O Be7 13. a6 Qb6 14. axb7 Qxb7 15. d3 O-O 16. Bg5 f6 17. Bd2 Rfc8 18. Qa4 a5 19. Rfb1 Nb4 20. Bxb4 axb4 21. Qb3 Rxa1 22. Rxa1 Bc5 23. Nd2 Rd8 24. h4 Qb6 25. e3 Bxe3 26. fxe3 Qxe3+ 27. Kh2 Qxd2 28. Ra4 Bg4 29. Qxb4 Qxb4 30. Rxb4 Be6 31. Rb7 f5 32. Re7 Rd6 33. Kg1 Kf8 34. Rb7 e4 35. dxe4 fxe4 36. Kf2 Rc6 37. Ke3 Rc2 38. Bf1 Rc1 39. Be2 Rg1 40. Kf2 Rc1 41. Ke3 Re1 42. Kf2 Rc1 43. Ke3 1/2-1/2

[Event "4NCL Online Division 6"]
[Site "online"]
[Date "2021.02.09"]
[EventDate "2021.02.09"]
[Round "2.152"]
[White "Drel, Anton"]
[WhiteElo "1510"]
[WhiteTeam "Barnet Knights C"]
[Black "Burgoyne, Peter A"]
[BlackElo "1701"]
[BlackTeam "Hackney Hungry"]
[Result "1-0"]
[PlyCount "49"]

1. e4 c5 2. Nc3 Nc6 3. g3 g6 4. Bg2 Bg7 5. d3 d6 6. f4 Nf6 7. Nf3 O-O 8. O-O Bg4 9. Qe1 Bxf3 10. Bxf3 Nd4 11. Qd1 Rb8 12. a3 Qd7 13. Bd2 Rfc8 14. Bg2 b5 15. Ne2 Qc7 16. Nxd4 cxd4 17. Rc1 Nd7 18. g4 e6 19. f5 exf5 20. exf5 Be5 21. Qf3 Qd8 22. Qh3 Bh8 23. fxg6 fxg6 24. Bd5+ Kg7 25. Bh6# 1-0

[Event "4NCL Online Division 6"]
[Site "online"]
[Date "2021.02.09"]
[EventDate "2021.02.09"]
[Round "2.153"]
[White "Evans, Kingsley"]
[WhiteElo "1532"]
[WhiteTeam "Hackney Hungry"]
[Black "Grose, Kameron"]
[BlackElo "1574"]
[BlackTeam "Barnet Knights C"]
[Result "1/2-1/2"]
[PlyCount "192"]

1. e4 e5 2. f4 Nc6 3. Nf3 d6 4. Bb5 Bd7 5. c3 a6 6. Ba4 b5 7. Bc2 Bg4 8. O-O Nf6 9. h3 Bh5 10. g4 Nxg4 11. hxg4 Bxg4 12. d3 h5 13. Qe1 h4 14. fxe5 Bxf3 15. Rxf3 Nxe5 16. Rf2 h3 17. Bf4 Be7 18. Bg3 Bh4 19. Bxh4 Qxh4 20. Nd2 Qg3+ 21. Kh1 Rh6 22. Qg1 Qe3 23. Re1 h2 24. Rxe3 hxg1=Q+ 25. Kxg1 Ng4 26. Ree2 Nxf2 27. Rxf2 Ke7 28. Bb3 f6 29. Nf3 Rah8 30. Rg2 R6h7 31. Nd4 Rh1+ 32. Kf2 R1h2 33. Nf5+ Kf8 34. Bd5 g6 35. Nd4 Rxg2+ 36. Kxg2 Ke7 37. Bb7 c5 38. Nf3 a5 39. a3 Rb8 40. Bd5 b4 41. axb4 axb4 42. Nh4 g5 43. Nf5+ Kd7 44. cxb4 Rxb4 45. b3 Rb6 46. Ne3 Ra6 47. Bc4 Ra2+ 48. Kf3 Ke7 49. Nd5+ Kd7 50. Nxf6+ Kc6 51. Nd5 Ra1 52. Ne7+ Kd7 53. Nf5 Rc1 54. Kg4 Rg1+ 55. Kf3 Rf1+ 56. Kg2 Rf4 57. Ng3 Kc6 58. Ne2 Rh4 59. Kg3 Kb6 60. Ng1 Ka5 61. Nf3 Rh1 62. Nxg5 Rg1+ 63. Kf4 Rf1+ 64. Kg4 Kb4 65. Nh3 Rb1 66. Nf4 Rxb3 67. Bxb3 Kxb3 68. Kf5 c4 69. dxc4 Kxc4 70. Nd5 Kd4 71. Nb4 Kc5 72. Ke6 Kd4 73. Kf5 Kc5 74. Nc2 Kc6 75. Ke6 Kc5 76. Kf6 Kc4 77. Kf5 Kd3 78. Nb4+ Kc4 79. Na6 d5 80. e5 d4 81. e6 d3 82. e7 d2 83. e8=Q d1=Q 84. Qc6+ Kd3 85. Nb4+ Ke2 86. Qg2+ Ke3 87. Qe4+ Kf2 88. Nd3+ Kg3 89. Qf4+ Kg2 90. Qf2+ Kh1 91. Nf4 Qd7+ 92. Kg5 Qb5+ 93. Kh4 Qc6 94. Qf1+ Kh2 95. Qh3+ Kg1 96. Ne2+ Kf2 1/2-1/2

[Event "4NCL Online Division 6"]
[Site "online"]
[Date "2021.02.09"]
[EventDate "2021.02.09"]
[Round "2.154"]
[White "Sarkar, Rian"]
[WhiteElo "1526"]
[WhiteTeam "Barnet Knights C"]
[Black "Bartal, Shir"]
[BlackElo "1330"]
[BlackTeam "Hackney Hungry"]
[Result "1/2-1/2"]
[PlyCount "212"]

1. d4 Nf6 2. c4 c5 3. d5 b5 4. cxb5 a6 5. bxa6 Bxa6 6. Nc3 d6 7. Bg5 Nbd7 8. Nf3 g6 9. e4 Bxf1 10. Kxf1 Bg7 11. g3 O-O 12. Kg2 h6 13. Be3 Ng4 14. Qd2 Nxe3+ 15. Qxe3 Qa5 16. h3 Rfb8 17. Nd2 Ne5 18. f4 Nd7 19. Nc4 Qb4 20. Qd3 Nb6 21. Nd2 Qxb2 22. Rhc1 c4 23. Qe3 Ra3 24. Rab1 Rxc3 25. Rxb2 Rxe3 26. Rxb6 Rxb6 27. Nxc4 Re2+ 28. Kf3 Rbb2 29. Nxb2 Rxb2 30. a4 Rb4 31. Rc8+ Kh7 32. Ra8 Rb3+ 33. Kf2 Ra3 34. Kg2 g5 35. f5 Be5 36. Ra7 Rxg3+ 37. Kf1 Rxh3 38. Rxe7 Kg7 39. a5 Bd4 40. Rd7 Bc5 41. Rd8 Re3 42. Re8 Ra3 43. Ra8 Kf6 44. a6 Ke5 45. Re8+ Kd4 46. Rf8 Rxa6 47. Rxf7 Kxe4 48. f6 Kxd5 49. Re7 Bd4 50. f7 Bg7 51. Re8 Ra1+ 52. Kg2 Ra2+ 53. Kg1 Ra1+ 54. Kg2 Ra2+ 55. Kg1 Bd4+ 56. Kh1 Bg7 57. Rg8 Rf2 58. Rxg7 Ke6 59. Rg6+ Kxf7 60. Rxh6 Rf6 61. Rh5 Rg6 62. Rh3 Kg7 63. Kg2 Rf6 64. Rg3 Kg6 65. Rd3 Kh5 66. Rd4 Kg6 67. Kg3 Kh5 68. Kh3 Re6 69. Kg3 Re3+ 70. Kf2 Re6 71. Kg3 Kg6 72. Kg4 Kf6 73. Rd5 Re4+ 74. Kf3 Re6 75. Kg4 Re4+ 76. Kf3 Rf4+ 77. Kg3 Rf5 78. Rxd6+ Ke5 79. Ra6 Ke4 80. Ra4+ Ke3 81. Ra3+ Ke2 82. Kg4 Rb5 83. Kh5 Rf5 84. Rg3 g4+ 85. Kxg4 Ra5 86. Kf4 Ra4+ 87. Ke5 Ra5+ 88. Ke4 Ra4+ 89. Kd5 Ra5+ 90. Kc4 Ra4+ 91. Kb3 Re4 92. Rg8 Re3+ 93. Kc4 Re4+ 94. Kd5 Rh4 95. Rg2+ Kf3 96. Ra2 Rh5+ 97. Ke6 Rh6+ 98. Kf5 Rh5+ 99. Kg6 Rd5 100. Ra4 Rd6+ 101. Kf5 Rd5+ 102. Ke6 Rd1 103. Ra3+ Kg4 104. Ra4+ Kf3 105. Ra3+ Kg4 106. Ra4+ Kf3 1/2-1/2

[Event "4NCL Online Division 6"]
[Site "online"]
[Date "2021.02.09"]
[EventDate "2021.02.09"]
[Round "2.161"]
[White "Joyce, Tim"]
[WhiteElo "1698"]
[WhiteTeam "Wessex Some Stars E"]
[Black "Buanne, Luca"]
[BlackElo "1903"]
[BlackTeam "Battersea Juniors"]
[Result "0-1"]
[PlyCount "104"]

1. c4 Nf6 2. Nf3 e6 3. g3 d5 4. cxd5 exd5 5. Bg2 Be7 6. d3 O-O 7. a3 c5 8. O-O Nc6 9. Nbd2 Be6 10. Nb3 h6 11. Be3 d4 12. Bd2 Qb6 13. Nxc5 Qxc5 14. Rc1 Qb6 15. b4 Rac8 16. Bf4 Nd5 17. Qd2 Nxf4 18. Qxf4 Qc7 19. Qxc7 Rxc7 20. b5 Bxa3 21. Ra1 Bc5 22. bxc6 bxc6 23. Rfc1 Bb6 24. Ne5 c5 25. Nc4 Rb8 26. Nxb6 axb6 27. Rcb1 b5 28. Rb2 b4 29. e4 b3 30. h4 Rbb7 31. Kh2 Ra7 32. Rd1 Ra2 33. Rdd2 c4 34. Rxa2 c3 35. Ra8+ Kh7 36. Rd1 c2 37. Rc1 b2 38. Rxc2 Rxc2 39. Rb8 Ba2 40. e5 b1=Q 41. Be4+ g6 42. Rxb1 Bxb1 43. h5 Rxf2+ 44. Kg1 Re2 45. hxg6+ fxg6 46. e6 Rxe4 47. dxe4 Bxe4 48. Kf2 Bc6 49. Ke2 Bb5+ 50. Kd2 Kg7 51. e7 Kf7 52. e8=Q+ Kxe8 0-1

[Event "4NCL Online Division 6"]
[Site "online"]
[Date "2021.02.09"]
[EventDate "2021.02.09"]
[Round "2.162"]
[White "Dupuis, Denis K"]
[WhiteElo "1881"]
[WhiteTeam "Battersea Juniors"]
[Black "Jones, Tim"]
[BlackElo "1698"]
[BlackTeam "Wessex Some Stars E"]
[Result "0-1"]
[PlyCount "36"]

1. e4 c5 2. Nc3 d6 3. f4 a6 4. a4 Nc6 5. Nf3 Bg4 6. Bc4 e6 7. h3 Bxf3 8. Qxf3 Nd4 9. Qd1 Qh4+ 10. Kf1 Qxf4+ 11. Kg1 Nf6 12. d3 Qh4 13. Be3 Be7 14. Kh2 Nh5 15. Bxd4 cxd4 16. Ne2 Nf6 17. Nxd4 Qf4+ 18. g3 Qf2# 0-1